Southville International School and Colleges
Your cart is empty.
  • Cart
  • Lists
    Public lists Eva Luna New books Lux_list list_1
    Your lists Log in to create your own lists
  • Log in to your account
  • Your cookies
  • Search history
Southville International School and Colleges
  • Advanced search
  • Recent comments
  • Most popular
  • Libraries

Log in to your account

Log in with GOOGLE


If you do not have an external account, but do have a local account, you can still log in:

  1. Home
  2. MARC view: Dictionary of literary terms and literary theory
Normal view MARC view ISBD view

Dictionary of literary terms and literary theory (Record no. 2249)

[ view plain ]
MARC details
000 -LEADER
fixed length control field 00556nam a22002057a 4500
003 - CONTROL NUMBER IDENTIFIER
control field OSt
005 - DATE AND TIME OF LATEST TRANSACTION
control field 20140310181727.0
008 - FIXED-LENGTH DATA ELEMENTS--GENERAL INFORMATION
fixed length control field 130308t xxu||||| |||| 00| 0 eng d
020 ## - INTERNATIONAL STANDARD BOOK NUMBER
International Standard Book Number 9780140513639
022 ## - INTERNATIONAL STANDARD SERIAL NUMBER
International Standard Serial Number 0140513639
050 ## - LIBRARY OF CONGRESS CALL NUMBER
Classification number PN 41
Item number .C964 1998
082 ## - DEWEY DECIMAL CLASSIFICATION NUMBER
Classification number IB 803
Item number C89 1998
245 ## - TITLE STATEMENT
Title Dictionary of literary terms and literary theory
Statement of responsibility, etc J.A. Cuddon ; revised by C.E. Preston
260 ## - PUBLICATION, DISTRIBUTION, ETC. (IMPRINT)
Place of publication, distribution, etc England:
Name of publisher, distributor, etc Penguin Books,
Date of publication, distribution, etc c1998
300 ## - PHYSICAL DESCRIPTION
Extent 991 p.
Dimensions 20 cm
521 ## - TARGET AUDIENCE NOTE
Target audience note
541 ## - IMMEDIATE SOURCE OF ACQUISITION NOTE
-- 1
562 ## - COPY AND VERSION IDENTIFICATION NOTE
Number of copies 1
942 ## - ADDED ENTRY ELEMENTS (KOHA)
Source of classification or shelving scheme Library of Congress Classification
Koha item type
Call number prefix
Holdings
Withdrawn status Lost status Source of classification or shelving scheme Damaged status Home library Current library Shelving location Date acquired Total Checkouts Total Renewals Full call number Barcode Date last seen Date checked out Copy number Price effective from Koha item type
    Library of Congress Classification   Luxembourg Library Luxembourg Library International Baccalaureate Section 03/08/2013 3 5 PN 41 .C964 1998 15882 06/10/2019 04/29/2019 1 10/03/2013 Books

Dictionary of literary terms and literary theory

APA

(1998). Dictionary of literary terms and literary theory. England: Penguin Books.

Chicago

1998. Dictionary of literary terms and literary theory. England: Penguin Books.

Harvard

(1998). Dictionary of literary terms and literary theory. England: Penguin Books.

MLA

Dictionary of literary terms and literary theory. England: Penguin Books. 1998.

  • Place hold
  • Print
  • Cite
  • Add to your cart (remove)
  • Save record
    BIBTEX Dublin Core MARCXML MARC (non-Unicode/MARC-8) MARC (Unicode/UTF-8) MARC (Unicode/UTF-8, Standard) MODS (XML) RIS
  • More searches
    Search for this title in:
    Other Libraries (WorldCat) Other Databases (Google Scholar) Online Stores (Bookfinder.com) Open Library (openlibrary.org)

Exporting to Dublin Core...

SOUTHVILLE LIBRARY

Southville International School and Colleges Library

1281 Tropical Ave. Cor. Luxembourg St., BF Homes International, Las Pinas City

Tel. No. 8256374 / 252358 Loc. 117/146

Powered by Koha